[Event "DSOL 02 Liga Gr-A 1st"]
[Site "Playchess.com INT"]
[Date "2020.08.12"]
[Round "2.3"]
[White "Wittmann, Rainer"]
[Black "Oeztuerk, Yasin Safa"]
[Result "0-1"]
[WhiteElo "1971"]
[BlackElo "1992"]
[PlyCount "90"]
[EventDate "2020.06.22"]
[EventType "team-tourn (rapid)"]
[EventCountry "GER"]
[SourceTitle "EXT 2021"]
[Source "ChessBase"]
[SourceDate "2020.10.23"]
[SourceVersion "1"]
[SourceVersionDate "2020.10.23"]
[SourceQuality "1"]
[WhiteTeam "Dortmund SV"]
[BlackTeam "Ketsch"]
[WhiteTeamCountry "GER"]
[BlackTeamCountry "GER"]

1. e4 e6 2. d4 d5 3. Nd2 Nf6 4. e5 Nfd7 5. c3 c5 6. Ngf3 Nc6 7. Bd3 Qb6 8. 0-0 cxd4 9. cxd4 Nxd4 10. Nxd4 Qxd4 11. Nf3 Qb6 12. Qc2 h6 13. Be3 Bc5 14. Bd2 0-0 15. b4 Be7 16. Rfc1 Qd8 17. a4 b6 18. a5 a6 19. axb6 Nxb6 20. Nd4 Bb7 21. Qc7 Rb8 22. b5 axb5 23. Ra7 Nc4 24. Rxb7 Qxc7 25. Rxc7 Bd8 26. Bxc4 Bxc7 27. Bd3 Rb7 28. Nc6 Ra8 29. Bb4 Ra4 30. Bd6 g6 31. Ne7+ Kg7 32. Rxc7 Rxc7 33. Bxc7 Ra1+ 34. Bf1 b4 35. Bb6 b3 36. Bd4 Ra2 37. Nc6 b2 38. Bxb2 Rxb2 39. g3 Rb6 40. Nd4 Rb4 41. Nc6 Rb2 42. Kg2 f6 43. Nd8 Rb6 44. Kf3 fxe5 45. Bh3 Kf6 0-1

[Event "Ruhrgebiet Verbandsliga Gruppe 1 1516"]
[Site "Germany"]
[Date "2015.11.29"]
[Round "4.3"]
[White "Wittmann, Rainer"]
[Black "Zeldin, Leonid"]
[Result "1/2-1/2"]
[WhiteElo "1980"]
[BlackElo "2036"]
[PlyCount "42"]
[EventDate "2015.09.06"]
[EventType "team-tourn"]
[EventRounds "9"]
[EventCountry "GER"]
[SourceTitle "EXT 2022"]
[Source "ChessBase"]
[SourceDate "2021.10.06"]
[SourceVersion "1"]
[SourceVersionDate "2021.10.06"]
[SourceQuality "1"]
[WhiteTeam "Dortmund SV"]
[BlackTeam "Bochum SG III"]
[WhiteTeamCountry "GER"]
[BlackTeamCountry "GER"]

1. e4 c5 2. Nf3 d6 3. d4 cxd4 4. Nxd4 Nf6 5. f3 g6 6. Be3 Bg7 7. Qd2 0-0 8. c4 Nc6 9. Nc3 Bd7 10. Be2 a6 11. 0-0 Rc8 12. Rfc1 Nxd4 13. Bxd4 Be6 14. Nd5 Bxd5 15. cxd5 Nd7 16. Bxg7 Kxg7 17. Rxc8 Qb6+ 18. Kf1 Rxc8 19. Rc1 Rxc1+ 20. Qxc1 Qc5 21. Qd2 a5 1/2-1/2

[Event "Ruhrgebiet Verbandsklasse Gruppe 2 1415"]
[Site "Germany"]
[Date "2015.04.26"]
[Round "9.5"]
[White "Wittmann, Rainer"]
[Black "Kalkhoff, Andreas"]
[Result "1/2-1/2"]
[WhiteElo "1980"]
[BlackElo "1778"]
[PlyCount "38"]
[EventDate "2014.09.21"]
[EventType "team-tourn"]
[EventRounds "9"]
[EventCountry "GER"]
[SourceTitle "EXT 2022"]
[Source "ChessBase"]
[SourceDate "2021.10.06"]
[SourceVersion "1"]
[SourceVersionDate "2021.10.06"]
[SourceQuality "1"]
[WhiteTeam "Dortmund SV"]
[BlackTeam "Borbeck Weisse Dame II"]
[WhiteTeamCountry "GER"]
[BlackTeamCountry "GER"]

1. e4 d5 2. exd5 Qxd5 3. Nc3 Qa5 4. Nf3 Nf6 5. Bc4 Bg4 6. h3 Bh5 7. g4 Bg6 8. d3 c6 9. Qe2 e6 10. Bd2 Bb4 11. 0-0-0 Nd5 12. Ne4 Bxd2+ 13. Qxd2 Qc7 14. Nh4 Nd7 15. Rdf1 Bxe4 16. dxe4 Nf4 17. Rd1 0-0-0 18. Nf3 Nb6 19. Qc3 Nxc4 1/2-1/2

[Event "Ruhrgebiet Verbandsklasse Gruppe 2 1415"]
[Site "Germany"]
[Date "2015.01.18"]
[Round "5.4"]
[White "Schneider, Andreas"]
[Black "Wittmann, Rainer"]
[Result "1/2-1/2"]
[WhiteElo "1770"]
[BlackElo "1999"]
[PlyCount "55"]
[EventDate "2014.09.21"]
[EventType "team-tourn"]
[EventRounds "9"]
[EventCountry "GER"]
[SourceTitle "EXT 2022"]
[Source "ChessBase"]
[SourceDate "2021.10.06"]
[SourceVersion "1"]
[SourceVersionDate "2021.10.06"]
[SourceQuality "1"]
[WhiteTeam "Oberhausen SV III"]
[BlackTeam "Dortmund SV"]
[WhiteTeamCountry "GER"]
[BlackTeamCountry "GER"]

1. e4 c5 2. c3 e6 3. d4 b6 4. Be3 Bb7 5. Nd2 Nf6 6. Bd3 Nc6 7. h3 Rc8 8. Ngf3 cxd4 9. Nxd4 Ne5 10. Bc2 Ba6 11. Ne2 Nd3+ 12. Bxd3 Bxd3 13. 0-0 Nxe4 14. Nxe4 Bxe4 15. Qa4 Bd3 16. Rfe1 Bxe2 17. Rxe2 Qc7 18. Rd1 Qc6 19. Qxa7 Bc5 20. Bxc5 bxc5 21. Qa3 0-0 22. b3 Ra8 23. Qb2 d5 24. Red2 Rfb8 25. Ra1 Qb5 26. Rdd1 f6 27. Rdb1 c4 28. Qe2 1/2-1/2

[Event "Ruhrgebiet Verbandsklasse Gruppe 2 1415"]
[Site "Germany"]
[Date "2014.09.21"]
[Round "1.4"]
[White "Siebert, Martin"]
[Black "Wittmann, Rainer"]
[Result "1/2-1/2"]
[WhiteElo "1927"]
[BlackElo "2011"]
[PlyCount "88"]
[EventDate "2014.09.21"]
[EventType "team-tourn"]
[EventRounds "9"]
[EventCountry "GER"]
[SourceTitle "EXT 2022"]
[Source "ChessBase"]
[SourceDate "2021.10.06"]
[SourceVersion "1"]
[SourceVersionDate "2021.10.06"]
[SourceQuality "1"]
[WhiteTeam "Brackel SF III"]
[BlackTeam "Dortmund SV"]
[WhiteTeamCountry "GER"]
[BlackTeamCountry "GER"]

1. e4 c5 2. c3 b6 3. d4 e6 4. f4 Bb7 5. Bd3 Nf6 6. Qe2 cxd4 7. cxd4 Nc6 8. Nf3 Nb4 9. Nc3 Nxd3+ 10. Qxd3 Bb4 11. Nd2 0-0 12. 0-0 a5 13. Re1 Qc7 14. Nf3 Rfc8 15. e5 Ba6 16. Qd2 Nd5 17. a3 Bxc3 18. bxc3 Qxc3 19. Qxc3 Rxc3 20. Bd2 Rc6 21. Rec1 h6 22. Rxc6 dxc6 23. Rc1 Rc8 24. Kf2 Kf8 25. Be3 Ke7 26. Nd2 Bd3 27. Nf3 Kd7 28. Rd1 Bc2 29. Rc1 Bd3 30. Rd1 Bc4 31. Rc1 b5 32. Nd2 Nxe3 33. Kxe3 Bd5 34. g4 h5 35. g5 g6 36. h4 Rb8 37. Kd3 Kc7 38. Rb1 Kb6 39. Rc1 Ra8 40. Rc5 Ra7 41. Rc1 Ra6 42. Rc5 Ra7 43. Kc2 Rd7 44. Kd3 Rc7 1/2-1/2

[Event "NRW Verbandsliga Group2 1314"]
[Site "Nordrheinwestfalen"]
[Date "2014.04.06"]
[Round "9"]
[White "Wittmann, Rainer"]
[Black "Laarmann, Gerd"]
[Result "1/2-1/2"]
[WhiteElo "2011"]
[BlackElo "1919"]
[PlyCount "28"]
[EventDate "2013.09.08"]
[EventType "team-tourn"]
[EventRounds "9"]
[EventCountry "GER"]
[SourceTitle "EXT 2020"]
[Source "ChessBase"]
[SourceDate "2019.10.17"]
[SourceVersion "1"]
[SourceVersionDate "2019.10.17"]
[SourceQuality "1"]
[WhiteTeam "Dortmund SV"]
[BlackTeam "Rochade Steele/Kray"]
[WhiteTeamCountry "GER"]
[BlackTeamCountry "GER"]

1. e4 e6 2. Nf3 d5 3. e5 c5 4. b4 cxb4 5. d4 Nc6 6. a3 a6 7. axb4 Bxb4+ 8. c3 Be7 9. Bd3 f6 10. 0-0 fxe5 11. dxe5 Nh6 12. Re1 0-0 13. Qc2 Nf5 14. h3 h6 1/2-1/2

[Event "Ruhrgebiet Verbandsliga1 1213"]
[Site "Nordrheinwestfalen"]
[Date "2013.01.13"]
[Round "5.4"]
[White "Wittmann, Rainer"]
[Black "Wloka, Sebastian"]
[Result "1-0"]
[WhiteElo "2017"]
[BlackElo "1894"]
[PlyCount "69"]
[EventDate "2012.09.02"]
[EventType "team-tourn"]
[EventRounds "9"]
[EventCountry "GER"]
[SourceTitle "EXT 2020"]
[Source "ChessBase"]
[SourceDate "2019.10.17"]
[SourceVersion "1"]
[SourceVersionDate "2019.10.17"]
[SourceQuality "1"]
[WhiteTeam "Dortmund SV"]
[BlackTeam "Eichlinghofen SV"]
[WhiteTeamCountry "GER"]
[BlackTeamCountry "GER"]

1. e4 c5 2. Nf3 Nc6 3. d4 cxd4 4. Nxd4 Nf6 5. Nc3 e5 6. Ndb5 d6 7. Nd5 Nxd5 8. exd5 Nb8 9. Qf3 a6 10. Qa3 Be7 11. c4 0-0 12. Be2 Bf5 13. 0-0 Bg6 14. f4 axb5 15. Qxa8 Qb6+ 16. c5 Qxc5+ 17. Kh1 Qxd5 18. f5 Bxf5 19. Rxf5 Qe4 20. Rf2 Bh4 21. Qa7 Bxf2 22. Qxf2 Qc2 23. Qe3 b4 24. Qd3 Qc7 25. Bd2 Nc6 26. Rc1 Qe7 27. Bf3 d5 28. Bxd5 Rd8 29. Qc4 Qd7 30. Bxc6 Qxd2 31. Bxb7 g6 32. Rf1 Rd7 33. Bc6 Rc7 34. Qd5 Qe2 35. Bb5 1-0

[Event "Ruhrgebiet Verbandsliga1 1213"]
[Site "Nordrheinwestfalen"]
[Date "2012.09.02"]
[Round "1.4"]
[White "Andersen, Knut"]
[Black "Wittmann, Rainer"]
[Result "0-1"]
[WhiteElo "1967"]
[BlackElo "2017"]
[PlyCount "78"]
[EventDate "2012.09.02"]
[EventType "team-tourn"]
[EventRounds "9"]
[EventCountry "GER"]
[SourceTitle "EXT 2020"]
[Source "ChessBase"]
[SourceDate "2019.10.17"]
[SourceVersion "1"]
[SourceVersionDate "2019.10.17"]
[SourceQuality "1"]
[WhiteTeam "Buer SF"]
[BlackTeam "Dortmund SV"]
[WhiteTeamCountry "GER"]
[BlackTeamCountry "GER"]

1. c4 g6 2. g3 Bg7 3. Bg2 d6 4. Nc3 c6 5. Nf3 e5 6. 0-0 f5 7. d3 Nf6 8. Bd2 0-0 9. Qc1 a5 10. Bh6 Na6 11. Bxg7 Kxg7 12. Rb1 Nc5 13. d4 exd4 14. Nxd4 Qe7 15. Re1 Bd7 16. a3 a4 17. b4 axb3 18. Nxb3 Na4 19. Nxa4 Rxa4 20. Nd2 Bc8 21. e4 fxe4 22. Nxe4 Nxe4 23. Rxe4 Qf6 24. Qe3 Rf7 25. Re1 Bf5 26. Rf4 Qb2 27. g4 Rxa3 28. Qd4+ Qxd4 29. Rxd4 Bd3 30. Rd1 Be2 31. Re1 Ra2 32. Re4 Bd3 33. Rd4 Rfxf2 34. Bxc6 bxc6 35. Rxd3 Rg2+ 36. Kh1 Rxh2+ 37. Kg1 Rhg2+ 38. Kh1 Rxg4 39. Rxd6 Rxc4 0-1

[Event "Ruhrgebiet VK3 1112"]
[Site "Nordrheinwestfalen"]
[Date "2012.04.22"]
[Round "9.4"]
[White "Bauriedel, Friedrich"]
[Black "Wittmann, Rainer"]
[Result "1/2-1/2"]
[WhiteElo "1876"]
[BlackElo "2027"]
[PlyCount "57"]
[EventDate "2012.09.18"]
[EventType "team-tourn"]
[EventRounds "9"]
[EventCountry "GER"]
[SourceTitle "EXT 2020"]
[Source "ChessBase"]
[SourceDate "2019.10.17"]
[SourceVersion "1"]
[SourceVersionDate "2019.10.17"]
[SourceQuality "1"]
[WhiteTeam "Germania Kupferdreh"]
[BlackTeam "Dortmund SV"]
[WhiteTeamCountry "GER"]
[BlackTeamCountry "GER"]

1. c4 g6 2. Nc3 Bg7 3. g3 d6 4. Bg2 Nf6 5. d3 c6 6. e4 a5 7. Nge2 Na6 8. 0-0 0-0 9. h3 Rb8 10. Rb1 b5 11. b3 Bd7 12. Be3 a4 13. Qd2 axb3 14. axb3 Bh8 15. f4 Qc7 16. d4 Rfd8 17. e5 b4 18. Na4 Ne8 19. g4 c5 20. exd6 exd6 21. Nb2 Qc8 22. Ng3 h5 23. f5 hxg4 24. hxg4 cxd4 25. Bxd4 Bxd4+ 26. Qxd4 Qc5 27. Qf2 gxf5 28. gxf5 Nf6 29. Nd3 1/2-1/2

[Event "Ruhrgebiet Verbandsliga1 1011"]
[Site "Nordrheinwestfalen"]
[Date "2011.04.10"]
[Round "9.4"]
[White "Achenbach, Manfred"]
[Black "Wittmann, Rainer"]
[Result "1-0"]
[WhiteElo "2085"]
[BlackElo "2027"]
[PlyCount "99"]
[EventDate "2011.09.12"]
[EventType "team-tourn"]
[EventRounds "9"]
[EventCountry "GER"]
[SourceTitle "EXT 2020"]
[Source "ChessBase"]
[SourceDate "2019.10.17"]
[SourceVersion "1"]
[SourceVersionDate "2019.10.17"]
[SourceQuality "1"]
[WhiteTeam "Muelheim SC"]
[BlackTeam "Dortmund SV"]
[WhiteTeamCountry "GER"]
[BlackTeamCountry "GER"]

1. e4 c5 2. Na3 e6 3. e5 a6 4. c3 b5 5. Nf3 d5 6. Nc2 Bd7 7. d4 Qc7 8. g3 Nc6 9. Bg2 h5 10. 0-0 Nh6 11. Bf4 Nf5 12. Ne3 Nce7 13. Rc1 c4 14. b3 Bc6 15. Bh3 g6 16. Ng5 Nxe3 17. Bxe3 Nf5 18. Bf4 Be7 19. Bg2 Qb7 20. Re1 Rd8 21. Qc2 Kf8 22. h3 Rc8 23. Rcd1 Kg7 24. bxc4 bxc4 25. Rb1 Qa7 26. Nf3 Rb8 27. Qd2 Rb5 28. g4 hxg4 29. hxg4 Nh4 30. Bg5 Nxf3+ 31. Bxf3 Qc7 32. Qf4 Bxg5 33. Qxg5 Qd8 34. Qf4 Qh4 35. Kf1 Rhb8 36. Rxb5 Rxb5 37. Kg2 Rb2 38. Qe3 Qh6 39. g5 Qh8 40. Rh1 Qd8 41. Qf4 Be8 42. Rh6 Rxa2 43. Rh3 a5 44. Bg4 a4 45. Bxe6 fxe6 46. Qh4 Kf8 47. Qh8+ Ke7 48. Rh7+ Bf7 49. Rxf7+ Kxf7 50. Qxd8 1-0

[Event "Ruhrgebiet Verbandsliga1 1011"]
[Site "Nordrheinwestfalen"]
[Date "2010.12.05"]
[Round "4.4"]
[White "Wittmann, Rainer"]
[Black "Schiefelbusch, Dirk"]
[Result "1/2-1/2"]
[WhiteElo "2027"]
[BlackElo "2053"]
[PlyCount "38"]
[EventDate "2011.09.12"]
[EventType "team-tourn"]
[EventRounds "9"]
[EventCountry "GER"]
[SourceTitle "EXT 2020"]
[Source "ChessBase"]
[SourceDate "2019.10.17"]
[SourceVersion "1"]
[SourceVersionDate "2019.10.17"]
[SourceQuality "1"]
[WhiteTeam "Dortmund SV"]
[BlackTeam "Dortmund Hansa III"]
[WhiteTeamCountry "GER"]
[BlackTeamCountry "GER"]

1. e4 c6 2. Nf3 d5 3. exd5 cxd5 4. Ne5 Nf6 5. d4 e6 6. Bd3 Be7 7. Nd2 0-0 8. 0-0 Nc6 9. c3 Nxe5 10. dxe5 Nd7 11. f4 b5 12. Nb3 b4 13. Be3 bxc3 14. bxc3 g6 15. Qe2 Bb7 16. Bd4 Qc7 17. g4 Rfe8 18. h4 a5 19. a4 Rab8 1/2-1/2

[Event "Ruhrgebiet VL1 0910"]
[Site "Germany"]
[Date "2010.01.10"]
[Round "5.3"]
[White "Wittmann, Rainer"]
[Black "Schleining, Zoya"]
[Result "0-1"]
[WhiteElo "2233"]
[BlackElo "2334"]
[PlyCount "44"]
[EventDate "2009.09.06"]
[EventType "team-tourn"]
[EventRounds "9"]
[EventCountry "GER"]
[SourceTitle "EXT 2011"]
[Source "ChessBase"]
[SourceDate "2010.11.26"]
[SourceVersion "1"]
[SourceVersionDate "2010.11.26"]
[SourceQuality "1"]
[WhiteTeam "Dortmund"]
[BlackTeam "Oberhausen"]
[WhiteTeamCountry "GER"]
[BlackTeamCountry "GER"]

1. e4 d6 2. d4 Nf6 3. Nc3 g6 4. f4 Bg7 5. a3 0-0 6. Nf3 Bg4 7. h3 Bxf3 8. Qxf3 Nc6 9. Be3 e5 10. dxe5 dxe5 11. f5 Nh5 12. Bc4 Nd4 13. Qf2 Bf6 14. 0-0-0 Bh4 15. Qd2 Ng3 16. fxg6 hxg6 17. Rhg1 c6 18. Kb1 b5 19. Ba2 Qe7 20. Bxd4 Rad8 21. Qe3 exd4 22. Rxd4 Nf5 0-1

[Event "Ruhrgebiet VL2 0708"]
[Site "Germany"]
[Date "2007.12.09"]
[Round "4.3"]
[White "Happe, Ulrich"]
[Black "Wittmann, Rainer"]
[Result "0-1"]
[WhiteElo "2054"]
[BlackElo "2233"]
[PlyCount "76"]
[EventDate "2007.09.02"]
[EventType "team"]
[EventRounds "9"]
[EventCountry "GER"]
[SourceTitle "EXT 2009"]
[Source "ChessBase"]
[SourceDate "2008.11.26"]
[SourceVersion "1"]
[SourceVersionDate "2008.11.26"]
[SourceQuality "1"]
[WhiteTeam "Rochade Steele/Kray"]
[BlackTeam "Dortmund SV"]
[WhiteTeamCountry "GER"]
[BlackTeamCountry "GER"]

1. e4 c5 2. Nf3 Nc6 3. d4 cxd4 4. Nxd4 Nf6 5. Nc3 d6 6. Bc4 e6 7. 0-0 Be7 8. Be3 0-0 9. f3 a6 10. Qd2 Qc7 11. Nxc6 Qxc6 12. Bb3 Nd7 13. a3 b5 14. Rfd1 Bb7 15. Ne2 Ne5 16. Nd4 Qc8 17. Rac1 Rd8 18. Qe2 Qd7 19. f4 Nc4 20. Bxc4 bxc4 21. e5 Qc7 22. exd6 Bxd6 23. Qf2 c3 24. b4 a5 25. Nb5 Qc6 26. Nxd6 Rxd6 27. Bc5 Rd5 28. Rxd5 Qxd5 29. Re1 Rc8 30. h3 h6 31. Kh2 axb4 32. Bxb4 Rc4 33. Re3 Rxf4 34. Qg3 Rf5 35. Qb8+ Kh7 36. Rg3 e5 37. Qa7 Rf1 38. Re3 Qxg2# 0-1

[Event "Ruhrgebiet VK3 0405"]
[Site "Ruhrgebiet"]
[Date "2005.02.20"]
[Round "7.4"]
[White "Wittmann, Rainer"]
[Black "Dahlhaus, Friedhelm"]
[Result "1-0"]
[WhiteElo "2077"]
[BlackElo "2045"]
[PlyCount "75"]
[EventDate "2004.09.12"]
[EventType "team"]
[EventRounds "9"]
[EventCountry "GER"]
[SourceTitle "EXT 2006"]
[Source "ChessBase"]
[SourceDate "2005.11.24"]
[SourceVersion "1"]
[SourceVersionDate "2005.11.24"]
[SourceQuality "1"]
[WhiteTeam "Dortmund 1875"]
[BlackTeam "Wacker Bergeborbeck"]
[WhiteTeamCountry "GER"]
[BlackTeamCountry "GER"]

1. e4 e5 2. Nf3 Nc6 3. Bc4 Bc5 4. c3 Nf6 5. d4 exd4 6. cxd4 Bb4+ 7. Nc3 Nxe4 8. 0-0 Bxc3 9. d5 Bf6 10. Re1 Ne7 11. Rxe4 d6 12. Bg5 Bxg5 13. Nxg5 h6 14. Qe2 hxg5 15. Rc1 Be6 16. Re3 Kf8 17. dxe6 f6 18. Bd3 Qe8 19. Qd2 Rh4 20. Be4 Rb8 21. Qa5 c6 22. g3 Rh6 23. Qxa7 g6 24. Qd4 Kg7 25. Rf3 Ng8 26. Qxd6 Rd8 27. Qb4 Qe7 28. Qc3 Qxe6 29. Bf5 Qd6 30. Rd3 Qc7 31. Rxd8 Qxd8 32. Bg4 Rh7 33. Rd1 Qf8 34. Be6 Kh6 35. Bxg8 Qxg8 36. Qxf6 Qxa2 37. h4 Rf7 38. Qh8+ 1-0

[Event "Oberliga NRW 0102 II"]
[Site "Germany"]
[Date "2002.05.05"]
[Round "9.3"]
[White "Krallmann, Matthias"]
[Black "Wittmann, Rainer"]
[Result "1/2-1/2"]
[WhiteElo "2287"]
[BlackElo "2256"]
[PlyCount "68"]
[EventDate "2001.10.??"]
[EventType "team"]
[EventRounds "9"]
[EventCountry "GER"]
[SourceTitle "EXT 2004"]
[Source "ChessBase"]
[SourceDate "2003.11.25"]
[SourceVersion "1"]
[SourceVersionDate "2003.11.25"]
[SourceQuality "1"]
[WhiteTeam "Lippstadt Turm"]
[BlackTeam "Brackel"]
[WhiteTeamCountry "GER"]
[BlackTeamCountry "GER"]

1. d4 Nf6 2. c4 e6 3. Nc3 Bb4 4. Qc2 0-0 5. a3 Bxc3+ 6. Qxc3 b6 7. Bg5 h6 8. Bh4 d6 9. Qf3 c6 10. e3 Bb7 11. Bxf6 Qxf6 12. Qxf6 gxf6 13. Bd3 Nd7 14. Ne2 f5 15. f3 Nf6 16. 0-0 d5 17. Rac1 Rac8 18. Rc2 Rfd8 19. c5 Ra8 20. b4 a5 21. b5 cxb5 22. Bxb5 Ba6 23. Rb1 Bxb5 24. Rxb5 bxc5 25. Rcxc5 a4 26. Nc3 Rd6 27. Rb7 Rd7 28. Rcb5 Rxb7 29. Rxb7 Ne8 30. Nb5 Kg7 31. Kf2 Rc8 32. Kg3 Kg6 33. h3 Rc2 34. Rb8 Rb2 1/2-1/2